| 000 | 01145cam a2200265 i 4500 | ||
|---|---|---|---|
| 003 | SA-RiAUC | ||
| 005 | 20250704150512.0 | ||
| 008 | 250702s2007 su g 00010 ara c | ||
| 040 |
_aSA-MaUQU _bara _cSA-RiAUC _erda |
||
| 082 | 0 | 4 | _a251 |
| 090 |
_a251 _bا ب ن ح |
||
| 100 | 1 |
_aابن حرز الله، عبد القادر، _d1970- _eمؤلف. |
|
| 245 | 1 | 2 |
_aالوقفات على المقدمات : _bشرح وتعليق على مقدمات الموافقات للإمام الشاطبي ت. 790 هـ / _cعبد القادر بن حرز الله اللقيني. |
| 250 | _aالطبعة الأولى. | ||
| 264 | 1 |
_aالرياض : _bمكتبة الرشد، _c2007 |
|
| 300 |
_a208 صفحة ؛ _c24 سم |
||
| 336 |
_aنص _btxt _2rdacontent _3كتاب |
||
| 337 |
_aبدون وسيط _bn _2rdamedia |
||
| 338 |
_aمجلد _bnc _2rdacarrier |
||
| 650 | 7 |
_aأصول الفقه الإسلامي _2aucsh |
|
| 700 | 1 | 2 |
_aالشاطبي، إبراهيم بن موسى بن محمد، _dتوفي 790 هجري |
| 740 | 2 | 2 | _aالموافقات في أصول الشريعة. |
| 942 |
_2ddc _cBOOK _n0 |
||
| 949 |
_aSA-JeALM _d250702 _umohamedma123 _n1 |
||
| 999 |
_c9446 _d9446 |
||